00710nam a2200229 a 4500001001300000003000900013005001700022008004100039020002300080082001700103245006600120260004400186300000900230500003500239505001000274650001800284710003000302902000800332942000700340952011800347999001500465nice12345678IN_TiNIC20260116012933.0050524s1983 mica grp 000 0 eng  a080285X c10000a270.82bWCC1 aBaptism and Eucharistb Ecumenical Convergence in Celebration aMichiganbWilliam B.Eerdmans Pub c1983 a258p aincludes index and biblioraphy2 aIndex aEcumenicalism2 aWorld Council of Churches bSRS cBK 001040708StackRoom-aHMIbHMId2007-07-18g100.00l0o270.82 WCC1p014002r2007-07-18v100.00w2005-05-24yBK c8968d8968